000 00424nam a22001697a 4500
003 NUST - PNEC
005 20170116181120.0
008 151004b xxu||||| |||| 00| 0 eng d
020 _a-
040 _cLIBRARY
082 _a629.895 FOS
100 _913445
_aFoster, J.M.
245 _aAutomatic syntactic analysis
_cJ.M. Foster
260 _cc.1970
650 _913446
_aAutomatic syntactic
_xGrammer
942 _2ddc
_cBK
999 _c69524
_d69524